000 00255nam a2200121 a 4500
005 20141022142006.0
008 080922s19uu xx 00 eng d
050 _aVCD
_bS1 2002
245 _aSigns.
650 _aVCD.
650 _aSigns.
942 _cAVM
999 _c276485
_d276485